000
00470nam a2200169Ia 4500
008
090711s9999 xx 000 0 und d
082
_b
54945
100
_a
टागोर रवींद्रनाथ
245
_a
विभा
260
_c
1986
300
_a
147
600
_a
टागोर रवींद्रनाथ
630
_a
विभा
700
_a
टागोर रवींद्रनाथ
730
_a
विभा
942
_c
BOOK
999
_c
302774
_d
302774